01159nam a2200349 i 450000100060000000300090000600500170001500800410003201500150007302000150008804000280010304600090013108000150014008000120015510000390016724501840020626000280039030000210041838000160043938800140045538800140046950400260048365000100050965000310051965000100055065000140056065500300057465800340060470000420063870000310068085600980071140713KOSZ 00520220916112456.0980306s1997 pl |000 0 pol  aPB 2214/98 a8386543973 aWA NcWA NdKOSZ 005/HR k1997 a336.717.16 a(075.8)1 aJaruga, Alicjad(1928-2011)eAutor10aRachunkowość finansowa banków :bwzorcowy Plan Kont dla Banków '97 /cAlicja Jarugowa, Monika Marcinkowska, Jerzy Marcinkowski ; Fundacja Rozwoju Rachunkowości w Polsce. aWarszawa :bFRR,c1997. a484 s. ;c24 cm. aKsiążki a1901-2000 a1989-2000 aBibliogr. s. 479-484. 4aBanki 4aRachunkowość finansowa 4aKonto 4aPlan kont 4aPodręczniki akademickie aGospodarka, ekonomia, finanse1 aMarcinkowska, Monikad(1973- )eAutor1 aMarcinkowski, JerzyeAutor uhttp://koha.tu.koszalin.pl/cgi-bin/koha/opac-detail.pl?biblionumber=40713yKatalog online BPK